000 00443nam a2200181Ia 4500
003 0100
008 130303s9999 xx 000 0 und d
040 _cARRUPELIB
050 _aHQ1371.H781968
100 _aHorrell, Muriel
245 4 _aThe Rights of African Women
245 _bSome Suggested Reforms
260 _aJohannesburg
260 _bSouth African Institute of Race Relations
260 _C1968
300 _a18p
942 0 0 _01
999 _c36221
_d36221